000 00530nam a22001697a 4500
005 20251108164943.0
008 250721s1978 xx 000 0 ara d
082 1 4 _a657.3/أحم
100 1 _aعبد العال، أحمد رجب
245 1 0 _aالمدخل الكمي في المحاسبة الإدارية /
264 1 _aالإسكندريه :
_bمؤسسة شباب الجامعة،
_c1978.
300 _a644ص
650 1 7 _aالمحاسبة
700 1 _aأبو الحسن، أحمد
942 _2ddc
_cBK
999 _c18290
_d18290